000 01285nam a2200289 4500
001 190528
003 SpMaBN
005 20251010170254.0
008 210819s2004 sp a s001 0 spa
020 _a84-9781-136-4
080 _a355.49(4)"1805"(093)
080 _a94(4)"1805"(093)
100 1 _aGonzález-Aller Hierro, José Ignacio.
_9173348
245 1 3 _aLa campaña de Trafalgar (1804-1805) :
_bcorpus documental conservado en los archivos españoles /
_cJosé Ignacio González-Aller Hierro.
260 _a[Madrid] :
_bMinisterio de Defensa, Secretaría General Técnica,
_c2004.
300 _a2 v. (1814 p.) :
_bil. col. y n. ;
_c30 cm.
500 _aÍndices.
594 _aEn port.: Armada Española.
650 4 _aBatalla de Trafalgar, 1805-
_vFuentes.
_9173349
710 1 _aEspaña.
_bMinisterio de Defensa
_93853
852 4 _aES-MaACL
_jA-14732
_9 197706
_bR.151910
_cDEPO1
_dOlim: N-7732
_hDonación: Juan J. Álvarez
_pVol.1
_xEncuadernación en cartoné
852 4 _aES-MaACL
_jA-14733
_bR.151910
_cDEPO1
_dOlim: N-7733
_hDonación: Juan J. Álvarez
_pVol.2
_xEncuadernación en cartoné
_9 201036
903 _aÁlvarez Delgado, Juan,
_d1900-1987
_ednr
_920793
942 _2udc
_cMONOGRAFIA
999 _c190528
_d190528